000 00379nam a2200145Ia 4500
008 240624s9999 xx 000 0 und d
041 _aeng
082 _a658 MOR
100 _aMORRIS MICHAEL J
245 _aSTARTING A SUCCESSFUL BUSINESS CHOOSE A
250 _a(7th ed.)
260 _c2011
_aNew Delhi
_bKogan Page
300 _avii, : 229 : p. : cm. ; 23
365 _cRS
_b33.5
999 _c18906
_d18906